An economic analysis of the factors influencing football attendance at the University of Illinois, 1926-1968 /

Bibliographic Details
Main Author: Bole, Ronald Edward, 1940-
Format: Thesis Book
Language:English
Published: [Place of publication not identified] : Bole, 1970.
Subjects:

MARC

Tag First Indicator Second Indicator Subfields
LEADER 00000cam a2200000 i 4500
001 in00000171007
005 20151008090627.0
008 730605r19731970oru bb 00010 eng d
035 |a (OCoLC)00636129 
035 |9 AAU1708AM 
040 |c KSU  |d TXA  |d UtOrBLW 
049 |a TXAI 
099 |a fiche  |a C  |a 439 
100 1 |a Bole, Ronald Edward,  |d 1940- 
245 1 3 |a An economic analysis of the factors influencing football attendance at the University of Illinois, 1926-1968 /  |c by Ronald Edward Bole. 
264 1 |a [Place of publication not identified] :  |b Bole,  |c 1970. 
300 |a 129 leaves ;  |c 29 cm. 
336 |a text  |b txt  |2 rdacontent 
337 |a microform  |b h  |2 rdamedia 
338 |a microfiche  |b he  |2 rdacarrier 
500 |a Vita. 
500 |a Microfiche (negative) of typescript. Eugene : Microform Publications, College of Health, Physical Education and Recreation, University of Oregon, 1973. -- 2 sheets ; 10.5 x 14.8 cm. 
502 |c University of Illinois  |d 1970. 
504 |a Bibliography: leaves 94-99. 
500 |a Microform. 
610 1 0 |a University of Illinois (Urbana-Champaign campus)  |x Football. 
650 0 |a Football  |x Economic aspects. 
650 0 |a Football attendance. 
999 |a MARS 
999 f f |s c3856333-ffff-3191-8d67-c7bf2a98816c  |i a30cd653-db07-3a46-9121-cb927a450abe  |t 0 
952 f f |p normal  |a Texas A&M University  |b College Station  |c Sterling C. Evans Library  |d Evans: Microforms (3rd floor)  |t 0  |e fiche C 439  |h Other scheme  |i microform -- microfiche  |m A14820697476 
998 f f |a fiche C 439  |t 0  |l Evans: Microforms (3rd floor)